000 00909nas a2200265 4500
001 BR8401497
003 BR-BrBNA
005 20231205085836.0
007 ta
008 230509b bl.|||p| |||| 00| 00por d
040 _aBR-BrBNA
_bpor
_cBiblioteca Nacional de Agricultura
041 _a(Pt)
072 _aL70
100 1 _aMarques Junior, A. de P.
100 1 _aLima, W. dos S.
100 1 _aSampaio, I.B.M.
245 1 _aLeucograma de cabras adultas e jovens mantidas em confinamento e semi-confinamento
246 1 _aLeucogram of young and adult female goats kept under confinement and semi-confinement systems
650 _aCABRA
650 _aLEUCOGRAMA
650 _aCONFINAMENTO
773 0 _tArquivo Brasileiro de Medicina Veterinaria e Zootecnia (Brazil)
_xISSN 0365-8384
_g(Jun 1983), v. 35(3) p. 333-341
_wBR8401497
909 _a202311
_bLúcia
_c55
_dLúcia Elande
942 _2AGRIS
_n0
_cANA
999 _c114210
_d114210